New Zealand Valuers' Journal (Record no. 118550)

MARC details
000 -LEADER
fixed length control field 00670cas a22002295a 4500
001 - CONTROL NUMBER
control field L224
008 - FIXED-LENGTH DATA ELEMENTS--GENERAL INFORMATION
fixed length control field 070627d19862000nz qr p 0 a0eng
022 1# - INTERNATIONAL STANDARD SERIAL NUMBER
International Standard Serial Number 0113-0315
035 ## - SYSTEM CONTROL NUMBER
System control number (Sirsi) u98866
041 0# - LANGUAGE CODE
Language code of text/sound track or separate title eng
110 2# - MAIN ENTRY--CORPORATE NAME
Corporate name or jurisdiction name as entry element New Zealand Institute of Valuers
9 (RLIN) 1111
245 00 - TITLE STATEMENT
Title New Zealand Valuers' Journal
260 ## - PUBLICATION, DISTRIBUTION, ETC.
Place of publication, distribution, etc. Wellington
Name of publisher, distributor, etc. New Zealand Institute of Valuers
Date of publication, distribution, etc. 1986-2000
362 ## - DATES OF PUBLICATION AND/OR SEQUENTIAL DESIGNATION
Dates of publication and/or sequential designation 27(1) June 1986-July 2000
554 ## -
-- Four per year
651 #4 - SUBJECT ADDED ENTRY--GEOGRAPHIC NAME
Geographic name New Zealand
690 ## - LOCAL SUBJECT ADDED ENTRY--TOPICAL TERM (OCLC, RLIN)
Topical term or geographic name as entry element PROPERTY-PROPERTY APPRAISAL AND VALUATION
780 00 - PRECEDING ENTRY
Title New Zealand Valuer
785 00 - SUCCEEDING ENTRY
Title New Zealand Property Journal
International Standard Serial Number 1175-8171
942 ## - ADDED ENTRY ELEMENTS (KOHA)
Suppress in OPAC 0
948 ## - LOCAL PROCESSING INFORMATION (OCLC); SERIES PART DESIGNATOR (RLIN)
c (OCLC) 19/07/1994
Holdings
Withdrawn status Lost status Source of classification or shelving scheme Damaged status Not for loan Home library Current library Shelving location Date acquired Total Checkouts Full call number Barcode Date last seen Price effective from Koha item type
    Dewey Decimal Classification     London London Basement 20/09/2005   NEW ZEALAND PROPERTY JOURNAL 98866-2001 06/08/2019 06/08/2019 Journal